Profesia manažéra a osobnosť manažéra

Profil osobnosti manažéra. Charakterové vlastnosti. Praktické schopnosti. Znalostný pilier kompetentnosti manažéra. Odborné vedomosti o riadení.

Gespeichert in:
Bibliographische Detailangaben
1. Verfasser: Hudáková, Ivana, 1976-
Format: Buchkapitel
Sprache:Slowakisch
Schlagworte:
Tags: Tag hinzufügen
Keine Tags, Fügen Sie das erste Tag hinzu!

MARC

LEADER 00000naa a2200000 4500
001 0117936
005 20240502072323.4
041 0 |a slo 
044 |a SK 
245 1 0 |a Profesia manažéra a osobnosť manažéra  |c Ivana Hudáková 
520 |a Profil osobnosti manažéra. Charakterové vlastnosti. Praktické schopnosti. Znalostný pilier kompetentnosti manažéra. Odborné vedomosti o riadení. 
610 2 0 |a manažéri 
610 2 0 |a riadenie 
610 2 0 |a vedenie ľudí 
610 2 0 |a schopnosti pracovné 
610 2 0 |a vzdelanie 
610 2 0 |a odbornosť 
610 2 0 |a kompetencie 
100 1 |a Hudáková, Ivana, 1976-